| 000 | 00884nam a2200265Ia 4500 | ||
|---|---|---|---|
| 003 | OSt | ||
| 005 | 20220926012438.0 | ||
| 006 | a|||||r|||| 00| 0 | ||
| 007 | ta | ||
| 008 | 220923b |||||||| |||| 00| 0 eng d | ||
| 020 |
_a9780231160599 _c2428.4899999999998 |
||
| 037 |
_b5517, 17/07/2015, RAJKIRAN BOOK AGENCY _cGeneral Book |
||
| 040 |
_aRTL _cRTL _beng |
||
| 041 |
_2eng _aeng |
||
| 082 | _aU:(G:55):(Z), Q4 | ||
| 100 |
_aGARMESTANI Ahjand S Ed. _9316511 |
||
| 245 | 0 | _aSocial ecological residienec and law | |
| 260 |
_aNew York _bColumbia University Press _c2014 |
||
| 300 |
_a404p _ccm. |
||
| 500 | _aBibliography chapterwise | ||
| 650 | _aSociology | ||
| 700 |
_a ALLEN Craig R Ed. _9316512 |
||
| 942 |
_hU:(G:55):(Z), Q4 _cGB _2CC |
||
| 999 |
_c623023 _d623023 |
||